000 00420nam a2200145Ia 4500
005 20260328104311.0
008 260328s9999||||xx |||||||||||||| ||und||
100 _aAprile-G, Jacques
245 0 _aLa Ciudad Colombiana :
_b la Formación espacial Americana prehispanica /
_cJacques Aprile-G
250 _a2a ed.
260 _bColección de arte y Humanidades
300 _a226 p.
650 _aCOLOMBIA
942 _cBK
999 _c10944
_d10944